Statistics for All Vettel’s Ferrari wins

Click here to take the quiz!

General Stats

  • This quiz has been taken 20 times
  • The average score is 11 of 14

Answer Stats

HintAnswer% Correct
2019Singapore 2019
100%
2018Belgium 2018
94%
2015Malaysia 2015
94%
2018Australia 2018
89%
2018Bahrain 2018
89%
2017Australia 2017
83%
2015Hungary 2015
83%
2017Monaco 2017
78%
2015Singapore 2015
78%
2017Bahrain 2017
72%
2018Canada 2018
67%
2017Hungary 2017
67%
2017Brazil 2017
61%
2018Uk 2018
56%

Score Distribution

Percentile by Number Answered

Percent of People with Each Score

Your Score History

You have not taken this quiz